000 00632nam a22001457a 4500
008 110519t xxu||||| |||| 00| 0 eng d
082 _222
_a348.041676
245 _aThe Uganda Law Reports 1952-1956 Vol.7 /
260 _aUganda:
_bUganda Printer;
_c1957.
300 _av
_c25cm.
942 _2ddc
_cLRT
999 _c2122
_d2122